The government of European cities /

Bibliographic Details
Main Author: Munro, William Bennett, 1875-1957
Format: Book
Language:English
Published: New York : The Macmillan company, 1909.
Subjects:

MARC

Tag First Indicator Second Indicator Subfields
LEADER 00000cam a2200000 4500
001 in00000065366
005 20151008051830.0
008 730411s1909 nyu b 00000 eng u
010 |a  09007553  
035 |a (OCoLC)00602215 
035 |9 AAH0252AM 
040 |c KSU  |d TXA  |d UtOrBLW 
049 |a TXAM  |c [489] 
050 0 |a JS67  |b .M85 
092 |a 352.04  |b M968g 
100 1 |a Munro, William Bennett,  |d 1875-1957. 
245 1 4 |a The government of European cities /  |c by William Bennet Munro. 
264 1 |a New York :  |b The Macmillan company,  |c 1909. 
300 |a ix, 409 pages ;  |c 22 cm. 
336 |a text  |b txt  |2 rdacontent 
337 |a unmediated  |b n  |2 rdamedia 
338 |a volume  |b nc  |2 rdacarrier 
504 |a "Sources and literature": pages 380-402. 
650 0 |a Municipal government  |z Europe. 
999 |a MARS 
999 f f |s 59faf752-e073-36e6-ae15-48e3a55fa4bc  |i 79c24ed4-5a50-3677-9588-0e4f2b9f576b  |t 0 
952 f f |p ric  |a Texas A&M University  |b Rellis Campus  |c Joint Library Facility  |d Remote Storage  |t 0  |e JS67 .M85  |h Library of Congress classification  |i unmediated -- volume  |m A14800796412 
998 f f |a JS67 .M85  |t 0  |l Remote Storage